Departments of Ivory Coast - Statistics

General Stats
  • This quiz has been taken 22 times
  • The average score is 30 of 109
Answers on the Map
Answers color-coded by a green-red scale on the quiz's map according to % correct below.
 
Answer Stats
Region Department % Correct
Abidjan Abidjan
100%
Yamoussoukro Yamoussoukro
75%
San Pédro San-Pédro
58%
Poro Korhogo
42%
Gbôklè Sassandra
42%
Gontougo Bondoukou
33%
Gbèkè Bouaké
33%
Grands-Ponts Dabou
33%
Tchologo Ferkessédougou
33%
Sud-Comoé Grand-Bassam
33%
Tonkpi Man
33%
Béré Mankono
33%
Tchologo Ouangolodougou
33%
Worodougou Séguéla
33%
Agnéby-Tiassa Taabo
33%
Haut-Sassandra Vavoua
33%
Idénié-Djuablin Abengourou
25%
Sud-Comoé Aboisso
25%
Sud-Comoé Adiaké
25%
La Mé Adzopé
25%
Agnéby-Tiassa Agboville
25%
Idénié-Djuablin Agnibilékro
25%
La Mé Akoupé
25%
La Mé Alépé
25%
Moronou Arrah
25%
Yamoussoukro Attiégouakro
25%
Guémon Bangolo
25%
Gbèkè Béoumi
25%
Idénié-Djuablin Bettié
25%
Tonkpi Biankouma
25%
Cavally Bloléquin
25%
N'Zi Bocanda
25%
Moronou Bongouanou
25%
Gbèkè Botro
25%
Marahoué Bouaflé
25%
Bounkani Bouna
25%
Bagoué Boundiali
25%
Nawa Buyo
25%
Hambol Dabakala
25%
Haut-Sassandra Daloa
25%
Tonkpi Danané
25%
Iffou Daoukro
25%
Béré Dianra
25%
Bélier Didiévi
25%
Poro Dikodougou
25%
N'Zi Dimbokro
25%
Bélier Djékanou
25%
Guémon Duékoué
25%
Guémon Facobly
25%
Gbôklè Fresco
25%
Gôh Gagnoa
25%
Kabadougou Gbéléban
25%
Grands-Ponts Grand-Lahou
25%
Nawa Guéyo
25%
Cavally Guiglo
25%
Loh-Djiboua Guitry
25%
Haut-Sassandra Issia
25%
Grands-Ponts Jacqueville
25%
Worodougou Kani
25%
Hambol Katiola
25%
Tchologo Kong
25%
Bafing Koro
25%
N'Zi Kouassi-Kouassikro
25%
Guémon Kouibly
25%
Béré Kounahiri
25%
Gontougo Koun-Fao
25%
Bagoué Kouto
25%
Loh-Djiboua Lakota
25%
Kabadougou Madinani
25%
Iffou M'Bahiakro
25%
Moronou M'Batto
25%
Poro M'Bengué
25%
Nawa Méagui
25%
Folon Minignan
25%
Bounkani Nassian
25%
Kabadougou Odienné
25%
Bafing Ouaninou
25%
Iffou Ouellé
25%
Gôh Oumé
25%
Iffou Prikro
25%
Gbèkè Sakassou
25%
Kabadougou Samatiguila
25%
Gontougo Sandégué
25%
Kabadougou Séguélon
25%
Agnéby-Tiassa Sikensi
25%
Poro Sinématiali
25%
Marahoué Sinfra
25%
Tonkpi Sipilou
25%
Nawa Soubré
25%
Cavally Taï
25%
Gontougo Tanda
25%
Bounkani Téhini
25%
Bagoué Tengréla
25%
Sud-Comoé Tiapoum
25%
Agnéby-Tiassa Tiassalé
25%
Bélier Tiébissou
25%
Bafing | San Pédro Touba
25%
Cavally Toulépleu
25%
Bélier Toumodi
25%
Gontougo Transua
25%
La Mé Yakassé-Attobrou
25%
Tonkpi Zouan-Hounien
25%
Haut-Sassandra Zoukougbeu
25%
Marahoué Zuénoula
25%
Loh-Djiboua Divo
17%
Bounkani Doropo
17%
Hambol Niakaramadougou
17%
Folon Knaiasso
8%
No matching quizzes found
Score Distribution
Percent of People with Each Score
Percentile by Number Answered
Your Score History
You have not taken this quiz